Collaborations & conflicts : (Record no. 11482)

MARC details
000 -LEADER
fixed length control field 01653cam a2200397 a 4500
001 - CONTROL NUMBER
control field 202524
003 - CONTROL NUMBER IDENTIFIER
control field OSt
005 - DATE AND TIME OF LATEST TRANSACTION
control field 20211011145504.0
008 - FIXED-LENGTH DATA ELEMENTS--GENERAL INFORMATION
fixed length control field 990324s2000 txua 000 0aeng d
010 ## - LIBRARY OF CONGRESS CONTROL NUMBER
LC control number 99062188
020 ## - INTERNATIONAL STANDARD BOOK NUMBER
International Standard Book Number 0155021478
035 ## - SYSTEM CONTROL NUMBER
System control number (OCoLC)ocm43335759
040 ## - CATALOGING SOURCE
Original cataloging agency ORC
Transcribing agency hu
Modifying agency DLC
042 ## - AUTHENTICATION CODE
Authentication code lccopycat
043 ## - GEOGRAPHIC AREA CODE
Geographic area code a-pp---
050 00 - LIBRARY OF CONGRESS CALL NUMBER
Classification number DU740.42
Item number .O44 2000
100 0# - MAIN ENTRY--PERSONAL NAME
Personal name Ongka.
9 (RLIN) 12410
245 10 - TITLE STATEMENT
Title Collaborations & conflicts :
Remainder of title a leader through time /
Statement of responsibility, etc. Andrew Strathern and Pamela J. Stewart.
246 30 - VARYING FORM OF TITLE
Title proper/short title Collaborations and conflicts
260 ## - PUBLICATION, DISTRIBUTION, ETC.
Place of publication, distribution, etc. Fort Worth, Tx. :
Name of publisher, distributor, etc. Harcourt College,
Date of publication, distribution, etc. c2000.
300 ## - PHYSICAL DESCRIPTION
Extent xxx, 146 p. :
Other physical details ill. ;
Dimensions 24 cm.
440 #0 - SERIES STATEMENT/ADDED ENTRY--TITLE
Title Case studies in cultural anthropology
9 (RLIN) 12411
500 ## - GENERAL NOTE
General note Consists chiefly of the autobiographical narrative of Ongka, a leader among the Kawelka people of Mount Hagen, Papua New Guinea.
600 00 - SUBJECT ADDED ENTRY--PERSONAL NAME
Personal name Ongka.
9 (RLIN) 12410
650 #0 - SUBJECT ADDED ENTRY--TOPICAL TERM
Topical term or geographic name entry element Kawelka (Papua New Guinean people)
Form subdivision Biography.
9 (RLIN) 12412
650 #0 - SUBJECT ADDED ENTRY--TOPICAL TERM
Topical term or geographic name entry element Kawelka (Papua New Guinean people)
General subdivision Social life and customs.
9 (RLIN) 12413
651 #0 - SUBJECT ADDED ENTRY--GEOGRAPHIC NAME
Geographic name Papua New Guinea
Form subdivision Biography.
9 (RLIN) 12414
700 1# - ADDED ENTRY--PERSONAL NAME
Personal name Strathern, Andrew.
9 (RLIN) 12415
700 1# - ADDED ENTRY--PERSONAL NAME
Personal name Stewart, Pamela J.
9 (RLIN) 12416
856 41 - ELECTRONIC LOCATION AND ACCESS
Materials specified Table of contents only
Uniform Resource Identifier <a href="http://www.loc.gov/catdir/enhancements/fy1102/99062188-t.html">http://www.loc.gov/catdir/enhancements/fy1102/99062188-t.html</a>
856 42 - ELECTRONIC LOCATION AND ACCESS
Materials specified Publisher description
Uniform Resource Identifier <a href="http://www.loc.gov/catdir/enhancements/fy1102/99062188-d.html">http://www.loc.gov/catdir/enhancements/fy1102/99062188-d.html</a>
906 ## - LOCAL DATA ELEMENT F, LDF (RLIN)
a 7
b cbc
c copycat
d 3
e ncip
f 20
g y-gencatlg
942 ## - ADDED ENTRY ELEMENTS (KOHA)
Source of classification or shelving scheme Dewey Decimal Classification
Koha item type Books like text book referance book
Suppress in OPAC No
Holdings
Withdrawn status Lost status Source of classification or shelving scheme Damaged status Not for loan Home library Current library Shelving location Date acquired Total Checkouts Full call number Barcode Date last seen Copy number Price effective from Koha item type
    Dewey Decimal Classification     Social Library Social Library General Stacks 10/11/2021   303./str SHLIB00001880 10/11/2021 1 10/11/2021 Books like text book referance book
    Dewey Decimal Classification     Social Library Social Library General Stacks 10/11/2021   303.3/str SHLIB00001882 10/11/2021 2 10/11/2021 Books like text book referance book
    Dewey Decimal Classification     Social Library Social Library General Stacks 10/11/2021   303.3/str SHLIB00001881 10/11/2021 5 10/11/2021 Books like text book referance book
    Dewey Decimal Classification     Social Library Social Library General Stacks 10/12/2021   303.3/str SHLIB 00001918 10/12/2021 3 10/12/2021 Books like text book referance book